Validez nomenclatural del nombre genérico pan Richmond, 1899 (<familia Capitonidae, aves>) (Registro nro. 15180)

Detalles MARC
000 -CABECERA
Campo de control 003720000a22001090004500
090 ## - CLASIFICACIÓN LOCAL
Colección AS
Consecutivo Seriadas
041 0# - IDIOMA
Código de idioma para texto/pista de sonido o título separado
100 1# - ASIENTO PRINCIPAL--NOMBRE PERSONAL
Nombre personal Hernández Camacho, Jorge Ignacio
245 10 - MENCION DE TITULO
Título Validez nomenclatural del nombre genérico pan Richmond, 1899 (<familia Capitonidae, aves>)
773 1# - Item fuente:
Título Lozania: Acta Zoológica Colombiana
Especificación de materiales 375
Descripción física 11
Paginas del Articulo 11-14
Lugar, editorial y fecha de publicación 1959
942 ## - ELEMENTOS ADICIONALES (KOHA)
Tipo de ítem Artículo

No hay ítems disponibles.